| 000 | 00897nam a2200217 u 4500 | ||
|---|---|---|---|
| 005 | 20210223133218.0 | ||
| 008 | 170310s2002 es r 000 0 spa d | ||
| 020 | _a8483321165 (Obra completa) | ||
| 035 | _aUPN01000216646 | ||
| 049 | _aC | ||
| 050 | 4 |
_aAG61 _bG8.6 |
|
| 245 | 0 | 0 |
_aGran referencia Anaya / _ced. Manuel González Moreno. |
| 260 |
_aBarcelona, Esp. : _bVox : _bSpes, _c2002. |
||
| 300 |
_a28 v. : _bil. col. _e+ 2 CD-ROM + 2 cuadernillos |
||
| 500 | _aDel volumen 1 al 26 corresponden a los volúmenes fisicos. El volumen 27 es ordenador de consulta (1 disco CD-ROM + 1 cuadernillo) y el volumen 28 es Diccionario multilingüe (1 disco CD-ROM + 1 cuadernillo) | ||
| 500 | _aLos CD-ROM solicítalos en el mostrdor de préstamo | ||
| 650 | 4 |
_aENCICLOPEDIAS Y DICCIONARIOS - _xESPAÑOL _921045 |
|
| 700 | 1 |
_aGonzález Moreno, Manuel, _eed. |
|
| 905 | _aLibro | ||
| 999 |
_c188746 _d188746 |
||